BSOP header

Earliest Christian history (Record no. 50959)

MARC details
000 -LEADER
fixed length control field 03391cam a2200385 i 4500
001 - CONTROL NUMBER
control field 17262941
005 - DATE AND TIME OF LATEST TRANSACTION
control field 20220304144312.0
008 - FIXED-LENGTH DATA ELEMENTS--GENERAL INFORMATION
fixed length control field 120419t20122012gw b 110 0 eng c
010 ## - LIBRARY OF CONGRESS CONTROL NUMBER
LC control number 2012356903
020 ## - INTERNATIONAL STANDARD BOOK NUMBER
International Standard Book Number 9783161517433 (pbk.)
020 ## - INTERNATIONAL STANDARD BOOK NUMBER
International Standard Book Number 3161517431 (pbk.)
035 ## - SYSTEM CONTROL NUMBER
System control number (OCoLC)ocn781831106
040 ## - CATALOGING SOURCE
Original cataloging agency GyWOH
Language of cataloging eng
Description conventions rda
Transcribing agency N15
Modifying agency CGU
-- YDXCP
-- UKMGB
-- STF
-- MNJ
-- DLC
245 00 - TITLE STATEMENT
Title Earliest Christian history
Medium [electronic resource] :
Remainder of title history, literature, and theology : essays from the Tyndale Fellowship in honor of Martin Hengel /
Statement of responsibility, etc edited by Michael F. Bird and Jason Maston.
260 ## - PUBLICATION, DISTRIBUTION, ETC. (IMPRINT)
Place of publication, distribution, etc Tübingen :
Name of publisher, distributor, etc Mohr Siebeck,
Date of publication, distribution, etc ©2012.
300 ## - PHYSICAL DESCRIPTION
Extent 1 online resource (xv, 681 pages) ;
Dimensions 24 cm.
336 ## - CONTENT TYPE
Content Type Term text
Source rdacontent
337 ## - MEDIA TYPE
Media Type Term computer
Source rdamedia
338 ## - CARRIER TYPE
Carrier Type Term online resource
Source rdacarrier
490 1# - SERIES STATEMENT
Series statement Wissenschaftliche Untersuchungen zum Neuen Testament. 2. Reihe ;
Volume number/sequential designation 320
500 ## - GENERAL NOTE
General note International conference proceedings, July 2010.
504 ## - BIBLIOGRAPHY, ETC. NOTE
Bibliography, etc Includes bibliographical references and indexes.
505 00 - FORMATTED CONTENTS NOTE
Title Martin Hengel as theological teacher /
Statement of responsibility Jörg Frey, translated by Verena Adrian --
Title Martin Hengel : Christology in service of the church ;
-- Christology between pre-existence, incarnation and messianic self-understanding /
Statement of responsibility Roland Deines --
Title Jesus the Son of God as the Gospel (1 Thess 1:9-10 and Rom 1:3-4) /
Statement of responsibility Seyoon Kim --
Title The Gospel of Mark : origins and eyewitnesses /
Statement of responsibility Richard Bauckham --
Title Martin Hengel's quest for Jesus and the Synoptic question /
Statement of responsibility Rainer Riesner --
Title John's transposition theology : retelling the story of Jesus in a different key /
Statement of responsibility Andreas Köstenberger --
Title The original epilogue (John 20:30-31), the secondary appendix (21:1-23), and the editorial epilogues (21:24-25) of John's Gospel /
Statement of responsibility Armin D. Baum --
Title Judaism and Hellenism : rethinking Ben Sira's "opponents" /
Statement of responsibility Jason Maston --
Title How mighty a minority were the Hellenists? /
Statement of responsibility Steve Walton --
Title The incident at Antioch (Gal. 2.11-14) : the beginnings of Paulinism /
Statement of responsibility Michael F. Bird -- The Atonement and concepts of participation in the New Testament /
-- Grant Macaskill --
Title Another look at "the parting of the ways" /
Statement of responsibility Donald A. Hagner --
Title The first Christians in Syria /
Statement of responsibility Anna Maria Schwemer --
Title A young theological discipline in crisis /
Statement of responsibility Martin Hengel, translated by Wayne M. Coppins --
Title The earliest roots of Gnosticism and early Christianity /
Statement of responsibility Martin Hengel, translated by Thomas H. Trapp --
Title Qumran and early Christianity /
Statement of responsibility Martin Hengel, translated by Lars Kierspel --
Title The Lukan prologue and its eyewitnesses : the Apostles, Peter, and the women /
Statement of responsibility Martin Hengel, translated by Nelson Moore --
Title Confessing and confession /
Statement of responsibility Martin Hengel, translated by Daniel Johansson --
Title Paul and the Torah /
Statement of responsibility Martin Hengel, translated by Wayne M. Coppins.
600 10 - SUBJECT ADDED ENTRY--PERSONAL NAME
Personal name Hengel, Martin
Form subdivision Congresses.
630 00 - SUBJECT ADDED ENTRY--UNIFORM TITLE
Uniform title Bible.
Name of part/section of a work Gospels
General subdivision Criticism, interpretation, etc.
Form subdivision Congresses.
650 #0 - SUBJECT ADDED ENTRY--TOPICAL TERM
Topical term or geographic name as entry element Church history
Chronological subdivision Primitive and early church, ca. 30-600
Form subdivision Congresses.
650 #0 - SUBJECT ADDED ENTRY--TOPICAL TERM
Topical term or geographic name as entry element Christianity and other religions
General subdivision Judaism
Form subdivision Congresses.
655 #4 - INDEX TERM--GENRE/FORM
Genre/form data or focus term Electronic books
700 1# - ADDED ENTRY--PERSONAL NAME
Personal name Hengel, Martin.
700 1# - ADDED ENTRY--PERSONAL NAME
Personal name Bird, Michael F.
700 1# - ADDED ENTRY--PERSONAL NAME
Personal name Maston, Jason,
Dates associated with a name 1978-
830 #0 - SERIES ADDED ENTRY--UNIFORM TITLE
Uniform title Wissenschaftliche Untersuchungen zum Neuen Testament.
Number of part/section of a work 2. Reihe ;
Volume number/sequential designation 320.
856 ## - ELECTRONIC LOCATION AND ACCESS
Uniform Resource Identifier <a href="https://drive.google.com/file/d/1B_hKzNuu9D0TT1sytxInV09tVveTBOVq/view?usp=sharing">https://drive.google.com/file/d/1B_hKzNuu9D0TT1sytxInV09tVveTBOVq/view?usp=sharing</a>
942 ## - ADDED ENTRY ELEMENTS (KOHA)
Source of classification or shelving scheme Library of Congress Classification
Item type eBooks
Holdings
Withdrawn status Lost status Source of classification or shelving scheme Damaged status Not for loan Home library Current library Date acquired Inventory number Total Checkouts Date last seen Price effective from Koha item type
    Library of Congress Classification     BSOP Library Digital Library 05/09/2024 eB-00865   05/09/2024 05/09/2024 eBooks
BSOP

Biblical Seminary of the Philippines
  All rights Reserved
  © 2024

CONTACT INFORMATION

Biblical Seminary of the Philippines,
  77-B Karuhatan Road, Valenzuela City,
  PHILIPPINES 1441
  Phone: +632 8292-6795 / 8292-6798
  Fax : +632 8292-6675
  Email: library@bsop.edu.ph